| 000 | 00625nam a22002177a 4500 | ||
|---|---|---|---|
| 003 | SISC | ||
| 005 | 20170206110251.0 | ||
| 008 | 130214t xxu||||| |||| 00| 0 eng d | ||
| 020 | _a9781111341367 | ||
| 050 |
_aD 5 _b.An556 2012 |
||
| 082 |
_aM 909 _bAn556 2012 |
||
| 100 | _aAndrea, Alfred J. | ||
| 245 |
_aThe human record _bsources of global history _cAndrea, Alfred J. |
||
| 250 | _a7th edition. | ||
| 260 |
_aBoston : _bWadsworth, Cengage Learning, _c2012. |
||
| 300 |
_axxx, 528 pages : _billustrations (some color ) ; _c23 cm. |
||
| 526 | _c1210L-1700L | ||
| 562 | _e1 | ||
| 942 |
_2lcc _cBK |
||
| 999 |
_c16085 _d16085 |
||